[Event "Steinfurt Bezirksliga 1718"]
[Site "Germany"]
[Date "2018.03.17"]
[Round "6.8"]
[White "Koczy, Willibald"]
[Black "Uhlenbrock, Dirk"]
[Result "1/2-1/2"]
[WhiteElo "1485"]
[BlackElo "1444"]
[PlyCount "47"]
[EventDate "2017.09.23"]
[EventType "team-tourn"]
[EventRounds "7"]
[EventCountry "GER"]
[SourceTitle "EXT 2019"]
[Source "ChessBase"]
[SourceDate "2018.10.10"]
[SourceVersion "1"]
[SourceVersionDate "2018.10.10"]
[SourceQuality "1"]
[WhiteTeam "Ibbenbueren"]
[BlackTeam "Steinfurt II"]
[WhiteTeamCountry "GER"]
[BlackTeamCountry "GER"]

1. e4 c6 2. d4 d5 3. Nc3 dxe4 4. Nxe4 Bf5 5. Ng3 Bg6 6. Nf3 h6 7. Ne5 Bh7 8. Qf3 Nf6 9. Bc4 e6 10. c3 Bd6 11. Be3 0-0 12. Bd3 Bxd3 13. Nxd3 Nd5 14. Bd2 Qf6 15. Qxf6 Nxf6 16. Ne2 Nbd7 17. 0-0 c5 18. dxc5 Nxc5 19. Nxc5 Bxc5 20. b4 Bb6 21. Ng3 Rac8 22. a4 a5 23. Rac1 Rfd8 24. Bf4 1/2-1/2

[Event "Steinfurt Bezirksliga 1718"]
[Site "Germany"]
[Date "2017.12.02"]
[Round "3.8"]
[White "Burton, Christopher"]
[Black "Uhlenbrock, Dirk"]
[Result "0-1"]
[WhiteElo "1146"]
[BlackElo "1444"]
[PlyCount "94"]
[EventDate "2017.09.23"]
[EventType "team-tourn"]
[EventRounds "7"]
[EventCountry "GER"]
[SourceTitle "EXT 2019"]
[Source "ChessBase"]
[SourceDate "2018.10.10"]
[SourceVersion "1"]
[SourceVersionDate "2018.10.10"]
[SourceQuality "1"]
[WhiteTeam "Westerkappeln"]
[BlackTeam "Steinfurt II"]
[WhiteTeamCountry "GER"]
[BlackTeamCountry "GER"]

1. e4 c6 2. Nc3 d5 3. d4 dxe4 4. Nxe4 Bf5 5. f3 e6 6. c3 Be7 7. Bd3 Nf6 8. Bf4 Nd5 9. Qd2 a5 10. Ne2 Nxf4 11. Nxf4 Bg5 12. Nxg5 Qxg5 13. Bxf5 Qxf5 14. g4 Qg5 15. h4 Qe7 16. 0-0-0 Nd7 17. Rde1 0-0-0 18. Qf2 Qd6 19. Nd3 Qd5 20. a3 b5 21. b4 Qb3 22. Qb2 Qxb2+ 23. Kxb2 a4 24. Re2 h5 25. g5 g6 26. f4 Kc7 27. Rc1 Kb7 28. Ne5 Nxe5 29. Rxe5 Rd5 30. Rce1 Rhd8 31. Rxd5 cxd5 32. Re5 Kc6 33. Kc2 Kd6 34. Re1 Rf8 35. Rg1 f6 36. Kd3 fxg5 37. Rxg5 Rxf4 38. Rxg6 Rxh4 39. Rh6 Rh3+ 40. Kc2 Rh2+ 41. Kb1 h4 42. Rh8 h3 43. Ra8 Rg2 44. Rd8+ Ke7 45. Rh8 h2 46. Rh7+ Kd6 47. Kc1 Rg1+ 0-1

[Event "Steinfurt Bezirksliga 1617"]
[Site "Germany"]
[Date "2016.10.22"]
[Round "2.8"]
[White "Stoecker, Ralph"]
[Black "Uhlenbrock, Dirk"]
[Result "1-0"]
[WhiteElo "2021"]
[BlackElo "1451"]
[PlyCount "61"]
[EventDate "2016.09.24"]
[EventType "team"]
[EventRounds "9"]
[EventCountry "GER"]
[SourceTitle "EXT 2018"]
[Source "ChessBase"]
[SourceDate "2017.10.13"]
[SourceVersion "1"]
[SourceVersionDate "2017.10.13"]
[SourceQuality "1"]
[WhiteTeam "Ibbenbueren"]
[BlackTeam "Steinfurt II"]
[WhiteTeamCountry "GER"]
[BlackTeamCountry "GER"]

1. f4 Nf6 2. Nf3 g6 3. e3 Bg7 4. d4 d5 5. Bd3 0-0 6. 0-0 Ne4 7. Nbd2 f5 8. Ne5 b6 9. Ndf3 c5 10. c4 Ba6 11. b3 Bxe5 12. fxe5 e6 13. Bb2 Nc6 14. Rc1 Rc8 15. Nd2 Nxd2 16. Qxd2 cxd4 17. exd4 dxc4 18. Bxc4 Bxc4 19. Rxc4 Na5 20. Rxc8 Qxc8 21. Rc1 Qd7 22. Qc2 Rf7 23. Qc3 Kf8 24. Ba3+ Ke8 25. Bd6 Nb7 26. Qb4 Qd8 27. Qa4+ Rd7 28. Rc7 Nxd6 29. exd6 a5 30. Qc6 h5 31. Rc8 1-0

[Event "Steinfurt Bezirksliga 1516"]
[Site "Germany"]
[Date "2015.11.28"]
[Round "3.8"]
[White "Uhlenbrock, Dirk"]
[Black "Goebel, Michael"]
[Result "1-0"]
[WhiteElo "1439"]
[BlackElo "1291"]
[PlyCount "29"]
[EventDate "2015.09.19"]
[EventType "team-tourn"]
[EventRounds "9"]
[EventCountry "GER"]
[SourceTitle "EXT 2017"]
[Source "ChessBase"]
[SourceDate "2016.10.25"]
[SourceVersion "1"]
[SourceVersionDate "2016.10.25"]
[SourceQuality "1"]
[WhiteTeam "Steinfurt II"]
[BlackTeam "Rheine CC"]
[WhiteTeamCountry "GER"]
[BlackTeamCountry "GER"]

1. e4 e5 2. Nf3 d6 3. Bc4 g6 4. d3 Bh6 5. Bxh6 Nxh6 6. Qd2 Ng8 7. Ng5 Be6 8. Nxe6 fxe6 9. Bxe6 Qe7 10. Bc4 Nd7 11. Nc3 0-0-0 12. Nd5 Qg7 13. Qa5 b6 14. Qxa7 Nb8 15. Nxb6+ 1-0

[Event "Steinfurt Bezirksliga 1112"]
[Site "Germany"]
[Date "2012.01.07"]
[Round "4.5"]
[White "Schulte, Ralf"]
[Black "Uhlenbrock, Dirk"]
[Result "1-0"]
[WhiteElo "1742"]
[BlackElo "1510"]
[PlyCount "74"]
[EventDate "2011.10.01"]
[EventType "team-tourn"]
[EventRounds "9"]
[EventCountry "GER"]
[SourceTitle "EXT 2013"]
[Source "ChessBase"]
[SourceDate "2012.11.22"]
[SourceVersion "1"]
[SourceVersionDate "2012.11.22"]
[SourceQuality "1"]
[WhiteTeam "Emsdetten Rochade II"]
[BlackTeam "Steinfurt II"]
[WhiteTeamCountry "GER"]
[BlackTeamCountry "GER"]

1. d4 Nf6 2. Nf3 e6 3. Bg5 Be7 4. e3 b6 5. Bd3 Bb7 6. c4 0-0 7. 0-0 d5 8. Nc3 dxc4 9. Bxc4 Ne4 10. Nxe4 Bxe4 11. Bf4 c5 12. Qe2 cxd4 13. Rfd1 Bf6 14. Nxd4 e5 15. Nb5 Qe7 16. Bg3 Bb7 17. Rac1 Nd7 18. Nd6 Nc5 19. b4 Ne6 20. Nxb7 Qxb7 21. Bd5 Qe7 22. Bxa8 Rxa8 23. Qb5 Nf8 24. Rd5 Rd8 25. Rcd1 Rxd5 26. Rxd5 Qc7 27. h3 Qc1+ 28. Kh2 Qa3 29. Qc4 Qb2 30. a4 Be7 31. Bxe5 Qxf2 32. Qf4 Qxf4+ 33. exf4 Bxb4 34. Bb8 a5 35. Bd6 Bxd6 36. Rxd6 f6 37. Rxb6 Nd7 1-0

[Event "Steinfurt Bezirksliga 1112"]
[Site "Germany"]
[Date "2011.11.05"]
[Round "2.8"]
[White "Luszczynski, Josef"]
[Black "Uhlenbrock, Dirk"]
[Result "1/2-1/2"]
[WhiteElo "1602"]
[BlackElo "1510"]
[PlyCount "82"]
[EventDate "2011.10.01"]
[EventType "team-tourn"]
[EventRounds "9"]
[EventCountry "GER"]
[SourceTitle "EXT 2013"]
[Source "ChessBase"]
[SourceDate "2012.11.22"]
[SourceVersion "1"]
[SourceVersionDate "2012.11.22"]
[SourceQuality "1"]
[WhiteTeam "Ibbenbueren II"]
[BlackTeam "Steinfurt II"]
[WhiteTeamCountry "GER"]
[BlackTeamCountry "GER"]

1. d4 Nf6 2. c4 e6 3. Nf3 b6 4. g3 Bb7 5. Bg2 Be7 6. 0-0 0-0 7. Nc3 Ne4 8. Qc2 Nxc3 9. Qxc3 f5 10. Bf4 Bf6 11. Be5 d6 12. Bxf6 Qxf6 13. Rac1 Nd7 14. Rfd1 Rad8 15. a4 g5 16. a5 g4 17. Ne1 Bxg2 18. Nxg2 c5 19. b4 bxa5 20. bxc5 dxc5 21. Qxa5 cxd4 22. Qxa7 e5 23. Rb1 Rf7 24. c5 Qc6 25. Rdc1 Ra8 26. Qb7 Rc8 27. Qb4 Nxc5 28. Rc2 Rfc7 29. Rbc1 Qd5 30. Qa5 Kf7 31. Ne1 e4 32. Ng2 Ke7 33. Qd2 Ne6 34. Rxc7+ Rxc7 35. Rxc7+ Nxc7 36. Qg5+ Kd6 37. Nf4 Qf7 38. Qd8+ Qd7 39. Qf6+ Ne6 40. Nxe6 Qxe6 41. Qxd4+ Ke7 1/2-1/2

[Event "Steinfurt Bezirksliga 1011"]
[Site "Germany"]
[Date "2011.03.26"]
[Round "7.7"]
[White "Winter, Reinhold"]
[Black "Uhlenbrock, Dirk"]
[Result "1/2-1/2"]
[WhiteElo "1548"]
[BlackElo "1537"]
[PlyCount "51"]
[EventDate "2010.10.02"]
[EventType "team-tourn"]
[EventRounds "9"]
[EventCountry "GER"]
[SourceTitle "EXT 2012"]
[Source "ChessBase"]
[SourceDate "2011.11.24"]
[SourceVersion "1"]
[SourceVersionDate "2011.11.24"]
[SourceQuality "1"]
[WhiteTeam "Neuenkirchen II"]
[BlackTeam "Steinfurt II"]
[WhiteTeamCountry "GER"]
[BlackTeamCountry "GER"]

1. c4 Nf6 2. Nc3 e6 3. d4 Bb4 4. Bg5 0-0 5. Qb3 Bxc3+ 6. bxc3 d6 7. g3 Nbd7 8. Bg2 Rb8 9. Nf3 b6 10. 0-0 h6 11. Be3 c5 12. a4 Qc7 13. Nd2 Ba6 14. Rfc1 Rfc8 15. Bf3 d5 16. cxd5 cxd4 17. dxe6 dxe3 18. fxe3 Nc5 19. exf7+ Qxf7 20. Qxf7+ Kxf7 21. a5 Rd8 22. Rc2 Bb7 23. axb6 axb6 24. Ra7 Rd7 25. Nc4 Ke6 26. Rb2 1/2-1/2

[Event "Steinfurt Bezirksliga 1011"]
[Site "Germany"]
[Date "2010.10.02"]
[Round "1.7"]
[White "Uhlenbrock, Dirk"]
[Black "Echelmeyer, Kai"]
[Result "1/2-1/2"]
[WhiteElo "1537"]
[BlackElo "1291"]
[PlyCount "72"]
[EventDate "2010.10.02"]
[EventType "team-tourn"]
[EventRounds "9"]
[EventCountry "GER"]
[SourceTitle "EXT 2012"]
[Source "ChessBase"]
[SourceDate "2011.11.24"]
[SourceVersion "1"]
[SourceVersionDate "2011.11.24"]
[SourceQuality "1"]
[WhiteTeam "Steinfurt II"]
[BlackTeam "Emsdetten Turm III"]
[WhiteTeamCountry "GER"]
[BlackTeamCountry "GER"]

1. e4 c5 2. Nc3 Nc6 3. g3 g6 4. Bg2 Nf6 5. d3 Bg7 6. Nge2 0-0 7. 0-0 d6 8. Bg5 Bg4 9. f3 Be6 10. Qd2 Qd7 11. Nf4 Nd4 12. Bxf6 Bxf6 13. Ncd5 Bxd5 14. Nxd5 Bg7 15. c3 Nc6 16. f4 Rab8 17. f5 e6 18. fxe6 fxe6 19. Bh3 Ne5 20. Qe2 b5 21. Ne3 b4 22. cxb4 Rxb4 23. Rxf8+ Kxf8 24. Rf1+ Kg8 25. Nd5 Rxb2 26. Qxb2 Nf3+ 27. Rxf3 Bxb2 28. Nf6+ Bxf6 29. Rxf6 Qa4 30. Bxe6+ Kg7 31. Rf7+ Kh6 32. Bc4 Qd1+ 33. Rf1 Qe2 34. Rf2 Qe1+ 35. Rf1 Qe3+ 36. Kg2 Qe2+ 1/2-1/2

[Event "Steinfurt Bezirksliga 0809"]
[Site "Germany"]
[Date "2009.02.14"]
[Round "6.4"]
[White "Wehmeier, Sven"]
[Black "Uhlenbrock, Dirk"]
[Result "1-0"]
[WhiteElo "1751"]
[BlackElo "1523"]
[PlyCount "71"]
[EventDate "2008.09.27"]
[EventType "team-tourn"]
[EventRounds "9"]
[EventCountry "GER"]
[SourceTitle "EXT 2010"]
[Source "ChessBase"]
[SourceDate "2010.11.25"]
[SourceVersion "1"]
[SourceVersionDate "2010.11.25"]
[SourceQuality "1"]
[WhiteTeam "Emsdetten Turm III"]
[BlackTeam "Steinfurt III"]
[WhiteTeamCountry "GER"]
[BlackTeamCountry "GER"]

1. e4 c6 2. d4 d5 3. exd5 cxd5 4. Nf3 Nf6 5. Be2 Nc6 6. 0-0 Ne4 7. c4 e6 8. Re1 Bb4 9. Nbd2 Nxd2 10. Bxd2 Bxd2 11. Qxd2 dxc4 12. d5 exd5 13. Bxc4+ Ne7 14. Rxe7+ Kf8 15. Rae1 Be6 16. Rxb7 dxc4 17. Qb4+ Kg8 18. Ne5 g6 19. Nc6 Qf6 20. Qd6 Re8 21. h3 Kg7 22. Re3 Bc8 23. Qxf6+ Kxf6 24. Rf3+ Kg5 25. Rbxf7 Be6 26. Rxa7 Bf5 27. Rc3 Re1+ 28. Kh2 h5 29. Nd4 Rf1 30. h4+ Kf4 31. Nxf5 Kxf5 32. Ra5+ Ke6 33. Rxc4 Rxf2 34. b4 Rd8 35. Rc6+ Ke7 36. Rxg6 1-0

[Event "Steinfurt Bezirksliga 0607"]
[Site "Germany"]
[Date "2007.04.28"]
[Round "9.4"]
[White "Loekener, Thomas"]
[Black "Uhlenbrock, Dirk"]
[Result "1-0"]
[WhiteElo "1718"]
[BlackElo "1502"]
[PlyCount "59"]
[EventDate "2006.09.09"]
[EventType "team-tourn"]
[EventRounds "9"]
[EventCountry "GER"]
[SourceTitle "EXT 2008"]
[Source "ChessBase"]
[SourceDate "2007.11.25"]
[SourceVersion "1"]
[SourceVersionDate "2007.11.25"]
[SourceQuality "1"]
[WhiteTeam "Saerbeck II"]
[BlackTeam "Steinfurt II"]
[WhiteTeamCountry "GER"]
[BlackTeamCountry "GER"]

1. e4 c6 2. Nc3 d5 3. exd5 cxd5 4. d4 Nf6 5. Bd3 Nc6 6. Nf3 Bg4 7. Be3 Qb6 8. Qd2 Bxf3 9. gxf3 e6 10. 0-0 Bd6 11. Ne2 Rb8 12. c3 Qc7 13. Bf4 Bxf4 14. Nxf4 h6 15. Bc2 g5 16. Nd3 Nh5 17. Kh1 Rg8 18. Rg1 Ke7 19. Rg4 Nf6 20. Rg2 Nh5 21. Rag1 f6 22. f4 Kf7 23. Bd1 Ng7 24. fxg5 hxg5 25. f4 gxf4 26. Nxf4 Rbf8 27. Ng6 Re8 28. Nh8+ Kf8 29. Qh6 Qe7 30. Ng6+ 1-0

[Event "Steinfurt Bezirksliga 0607"]
[Site "Germany"]
[Date "2007.03.31"]
[Round "8.5"]
[White "Roewekamp, Helmut"]
[Black "Uhlenbrock, Dirk"]
[Result "1/2-1/2"]
[WhiteElo "1691"]
[BlackElo "1502"]
[PlyCount "56"]
[EventDate "2006.09.09"]
[EventType "team-tourn"]
[EventRounds "9"]
[EventCountry "GER"]
[SourceTitle "EXT 2008"]
[Source "ChessBase"]
[SourceDate "2007.11.25"]
[SourceVersion "1"]
[SourceVersionDate "2007.11.25"]
[SourceQuality "1"]
[WhiteTeam "Reckenfeld"]
[BlackTeam "Steinfurt II"]
[WhiteTeamCountry "GER"]
[BlackTeamCountry "GER"]

1. e4 c6 2. d4 d5 3. e5 Bf5 4. Bd3 Bxd3 5. Qxd3 Qb6 6. Nf3 Qa6 7. Qxa6 Nxa6 8. c3 c5 9. Bd2 e6 10. 0-0 cxd4 11. cxd4 Bb4 12. Nc3 Bxc3 13. Bxc3 Ne7 14. Rac1 0-0 15. a3 Rac8 16. b4 b5 17. Bb2 Rxc1 18. Rxc1 Rc8 19. Nd2 Rxc1+ 20. Bxc1 Nc6 21. Bb2 Nab8 22. Nb3 Nd7 23. Kf1 Kf8 24. Ke2 Ke7 25. Ke3 Nb6 26. Kd3 Nc4 27. Bc1 f6 28. f4 f5 1/2-1/2

[Event "Steinfurt Bezirksliga 0607"]
[Site "Germany"]
[Date "2006.11.04"]
[Round "3.6"]
[White "Uhlenbrock, Dirk"]
[Black "Schmidtke, Heinrich"]
[Result "1/2-1/2"]
[WhiteElo "1502"]
[BlackElo "1546"]
[PlyCount "41"]
[EventDate "2006.09.09"]
[EventType "team-tourn"]
[EventRounds "9"]
[EventCountry "GER"]
[SourceTitle "EXT 2008"]
[Source "ChessBase"]
[SourceDate "2007.11.25"]
[SourceVersion "1"]
[SourceVersionDate "2007.11.25"]
[SourceQuality "1"]
[WhiteTeam "Steinfurt II"]
[BlackTeam "Nordwalde II"]
[WhiteTeamCountry "GER"]
[BlackTeamCountry "GER"]

1. e4 c5 2. Nc3 Nc6 3. g3 Nf6 4. Bg2 d6 5. Nge2 e6 6. f4 Be7 7. 0-0 a6 8. d3 Bd7 9. Bh3 b5 10. f5 0-0 11. fxe6 Bxe6 12. Bxe6 fxe6 13. Nf4 Qd7 14. Be3 Rad8 15. Nh5 b4 16. Na4 Rb8 17. b3 Nxh5 18. Qxh5 Bf6 19. Rac1 Qf7 20. Qxf7+ Rxf7 21. Kg2 1/2-1/2

[Event "Steinfurt Bezirksliga 0607"]
[Site "Germany"]
[Date "2006.09.09"]
[Round "1.6"]
[White "Uhlenbrock, Dirk"]
[Black "Stroot, Helmut"]
[Result "1/2-1/2"]
[WhiteElo "1502"]
[BlackElo "1363"]
[PlyCount "51"]
[EventDate "2006.09.09"]
[EventType "team-tourn"]
[EventRounds "9"]
[EventCountry "GER"]
[SourceTitle "EXT 2008"]
[Source "ChessBase"]
[SourceDate "2007.11.25"]
[SourceVersion "1"]
[SourceVersionDate "2007.11.25"]
[SourceQuality "1"]
[WhiteTeam "Steinfurt II"]
[BlackTeam "Rheine CC"]
[WhiteTeamCountry "GER"]
[BlackTeamCountry "GER"]

1. e4 c5 2. Nc3 e6 3. g3 b6 4. Bg2 Bb7 5. Nge2 Nf6 6. 0-0 d5 7. exd5 Nxd5 8. Nxd5 Bxd5 9. Nf4 Bxg2 10. Kxg2 Nc6 11. Qg4 Ne5 12. Qe2 Qc7 13. Qb5+ Qc6+ 14. Qxc6+ Nxc6 15. d3 0-0-0 16. Be3 h5 17. h4 e5 18. Nh3 f6 19. a3 Nd4 20. Bxd4 Rxd4 21. f4 Bd6 22. Rad1 Rg8 23. b3 Kb7 24. c3 Rd5 25. fxe5 Rxe5 26. Nf4 1/2-1/2

[Event "Steinfurt Bezirksliga 0506"]
[Site "Germany"]
[Date "2005.09.24"]
[Round "1.6"]
[White "Uhlenbrock, Dirk"]
[Black "Altenaehr, Johannes"]
[Result "1/2-1/2"]
[WhiteElo "1466"]
[BlackElo "1489"]
[PlyCount "84"]
[EventDate "2005.09.24"]
[EventType "team-tourn"]
[EventRounds "9"]
[EventCountry "GER"]
[SourceTitle "EXT 2006"]
[Source "ChessBase"]
[SourceDate "2005.11.24"]
[SourceVersion "1"]
[SourceVersionDate "2005.11.24"]
[SourceQuality "1"]
[WhiteTeam "Steinfurt II"]
[BlackTeam "Rheine"]
[WhiteTeamCountry "GER"]
[BlackTeamCountry "GER"]

1. e4 c5 2. Nc3 Nc6 3. g3 g6 4. Bg2 Bg7 5. d3 e6 6. Nge2 Nge7 7. 0-0 0-0 8. Be3 b6 9. Qd2 f5 10. Bh6 fxe4 11. Bxg7 Kxg7 12. Nxe4 Qc7 13. f4 Nf5 14. Qc3+ Ncd4 15. Nxd4 Nxd4 16. Nxc5 bxc5 17. Bxa8 d5 18. Rae1 Bd7 19. Bxd5 exd5 20. Re5 Qxe5 21. fxe5 Ne2+ 22. Kg2 Nxc3 23. Rxf8 Kxf8 24. bxc3 Ba4 25. Kf3 Bxc2 26. d4 c4 27. h4 Ke7 28. Kf4 h5 29. Kg5 Ke6 30. a3 a5 31. Kf4 Kd7 32. Kg5 Bf5 33. Kf6 Ke8 34. e6 Be4 35. e7 Bd3 36. Ke6 Be4 37. Kd6 Bd3 38. Ke6 a4 39. Kd6 Be2 40. Ke6 Bf1 41. Kd6 Bd3 42. Ke6 Be4 1/2-1/2

[Event "Steinfurt Bezirksliga 0405"]
[Site "Germany"]
[Date "2005.03.05"]
[Round "7.6"]
[White "Zachert, Axel"]
[Black "Uhlenbrock, Dirk"]
[Result "1/2-1/2"]
[WhiteElo "1624"]
[BlackElo "1468"]
[PlyCount "32"]
[EventDate "2004.09.25"]
[EventType "team-tourn"]
[EventRounds "11"]
[EventCountry "GER"]
[SourceTitle "EXT 2006"]
[Source "ChessBase"]
[SourceDate "2005.11.24"]
[SourceVersion "1"]
[SourceVersionDate "2005.11.24"]
[SourceQuality "1"]
[WhiteTeam "Westerkappeln"]
[BlackTeam "Steinfurt II"]
[WhiteTeamCountry "GER"]
[BlackTeamCountry "GER"]

1. d4 Nf6 2. Nf3 b6 3. g3 Bb7 4. Bg2 e6 5. 0-0 Be7 6. c4 0-0 7. Nc3 Ne4 8. Nxe4 Bxe4 9. b3 f5 10. e3 Bf6 11. Bb2 c5 12. Rc1 Nc6 13. a3 d5 14. Bc3 cxd4 15. Nxd4 Nxd4 16. Bxd4 Bxd4 1/2-1/2

[Event "Steinfurt Bezirksliga 0405"]
[Site "Germany"]
[Date "2004.12.11"]
[Round "4.6"]
[White "Uhlenbrock, Dirk"]
[Black "Bartsch, Jan"]
[Result "1-0"]
[WhiteElo "1468"]
[BlackElo "1468"]
[PlyCount "95"]
[EventDate "2004.09.25"]
[EventType "team-tourn"]
[EventRounds "11"]
[EventCountry "GER"]
[SourceTitle "EXT 2006"]
[Source "ChessBase"]
[SourceDate "2005.11.24"]
[SourceVersion "1"]
[SourceVersionDate "2005.11.24"]
[SourceQuality "1"]
[WhiteTeam "Steinfurt II"]
[BlackTeam "Saerbeck III"]
[WhiteTeamCountry "GER"]
[BlackTeamCountry "GER"]

1. e4 e5 2. Nf3 Nc6 3. Bc4 Nf6 4. Ng5 d5 5. exd5 Na5 6. Bb5+ c6 7. dxc6 bxc6 8. Be2 Bc5 9. d3 h6 10. Nf3 Ng4 11. 0-0 Qb6 12. Qe1 f5 13. Nxe5 Nxe5 14. Bh5+ Kd8 15. Qxe5 Bd4 16. Qd6+ Bd7 17. c3 Bf6 18. Bg6 Nb7 19. Qg3 Kc8 20. Nd2 c5 21. Nc4 Qc6 22. Bf4 Bh4 23. Qxh4 Qxg6 24. Qe7 Re8 25. Nd6+ Nxd6 26. Qxd6 Qxd6 27. Bxd6 Re2 28. Bxc5 Rxb2 29. Rfe1 Rc2 30. Bf8 Rxc3 31. Rec1 Rxc1+ 32. Rxc1+ Kb7 33. Bxg7 h5 34. Be5 Bc6 35. Rb1+ Kc8 36. f3 a6 37. Kf2 Bb5 38. Rc1+ Kd7 39. d4 Ke6 40. Rc7 Bd7 41. Rb7 a5 42. Rb8 Rxb8 43. Bxb8 Kd5 44. Ba7 Kc4 45. Kg3 Kd5 46. Kh4 Be8 47. Kg5 Ke6 48. h3 1-0

[Event "Steinfurt Bezirksliga 0304"]
[Site "Germany"]
[Date "2003.10.18"]
[Round "1.6"]
[White "Uhlenbrock, Dirk"]
[Black "Schmitz, Detlef"]
[Result "1/2-1/2"]
[WhiteElo "1466"]
[BlackElo "1487"]
[PlyCount "41"]
[EventDate "2003.10.18"]
[EventType "team-tourn"]
[EventRounds "9"]
[EventCountry "GER"]
[SourceTitle "EXT 2005"]
[Source "ChessBase"]
[SourceDate "2004.11.15"]
[SourceVersion "1"]
[SourceVersionDate "2004.11.15"]
[SourceQuality "1"]
[WhiteTeam "Steinfurt II"]
[BlackTeam "Rheine Klein Berlin II"]
[WhiteTeamCountry "GER"]
[BlackTeamCountry "GER"]

1. e4 d5 2. exd5 Qxd5 3. Nc3 Qa5 4. Bc4 Bf5 5. d3 e6 6. Be3 c6 7. a3 Nf6 8. Nf3 Nbd7 9. 0-0 Bd6 10. Qd2 Qc7 11. h3 Ne5 12. Nxe5 Bxe5 13. f4 Bd6 14. Qf2 b6 15. Qg3 Bg6 16. Qf2 0-0 17. g4 h6 18. f5 exf5 19. gxf5 Bh7 20. Qg2 Kh8 21. Ne4 1/2-1/2

[Event "Steinfurt Bezirksliga 0203"]
[Site "Germany"]
[Date "2003.02.22"]
[Round "6.7"]
[White "Overmeyer, Juergen"]
[Black "Uhlenbrock, Dirk"]
[Result "1-0"]
[WhiteElo "1627"]
[BlackElo "1464"]
[PlyCount "53"]
[EventDate "2002.09.14"]
[EventType "team-tourn"]
[EventRounds "9"]
[EventCountry "GER"]
[SourceTitle "EXT 2004"]
[Source "ChessBase"]
[SourceDate "2003.11.25"]
[SourceVersion "1"]
[SourceVersionDate "2003.11.25"]
[SourceQuality "1"]
[WhiteTeam "Emsdetten Rochade II"]
[BlackTeam "Steinfurt II"]
[WhiteTeamCountry "GER"]
[BlackTeamCountry "GER"]

1. e4 c6 2. d4 d5 3. e5 Bf5 4. Bd3 Bxd3 5. Qxd3 Qb6 6. Ne2 Qa6 7. Qf3 e6 8. 0-0 c5 9. c3 Nc6 10. a3 cxd4 11. cxd4 Nge7 12. g4 Ng6 13. Nbc3 Qb6 14. Rd1 h6 15. b4 Be7 16. Be3 0-0 17. Qh3 Nh4 18. f4 Qd8 19. Rd3 f5 20. Kh1 fxg4 21. Qxg4 Nf5 22. Rg1 Rf7 23. Qg6 Qd7 24. Bf2 Bf8 25. Rh3 Kh8 26. b5 Nce7 27. Qxf7 1-0

[Event "Steinfurt Bezirksliga 0203"]
[Site "Germany"]
[Date "2003.01.25"]
[Round "5.8"]
[White "Sablin, Juriy"]
[Black "Uhlenbrock, Dirk"]
[Result "1-0"]
[WhiteElo "1768"]
[BlackElo "1464"]
[PlyCount "85"]
[EventDate "2002.09.14"]
[EventType "team-tourn"]
[EventRounds "9"]
[EventCountry "GER"]
[SourceTitle "EXT 2004"]
[Source "ChessBase"]
[SourceDate "2003.11.25"]
[SourceVersion "1"]
[SourceVersionDate "2003.11.25"]
[SourceQuality "1"]
[WhiteTeam "Ibbenbueren II"]
[BlackTeam "Steinfurt II"]
[WhiteTeamCountry "GER"]
[BlackTeamCountry "GER"]

1. e4 c6 2. d4 d5 3. exd5 cxd5 4. Nf3 Nf6 5. Be2 Nc6 6. 0-0 Bf5 7. c3 e6 8. Bb5 Qb6 9. Qa4 Bd6 10. Ne5 Bxe5 11. dxe5 Nd7 12. Be3 Qc7 13. Bd4 0-0 14. Bxc6 bxc6 15. f4 c5 16. Bf2 Nb6 17. Qa5 Rfc8 18. Nd2 Bd3 19. Rfe1 Nc4 20. Nxc4 Bxc4 21. Qxc7 Rxc7 22. b4 cxb4 23. cxb4 Rb7 24. a3 g6 25. Rac1 a5 26. Bc5 axb4 27. axb4 Rbb8 28. g4 Ra2 29. Ra1 Rba8 30. Rxa2 Rxa2 31. Re3 Re2 32. Rxe2 Bxe2 33. h3 h6 34. Kf2 Bc4 35. Ke3 h5 36. g5 Kg7 37. h4 Kg8 38. Kd4 Kg7 39. Bd6 Kg8 40. Kc5 Kg7 41. b5 Bxb5 42. Kxb5 Kg8 43. Bc5 1-0